Obálka Náhled e-knihy:
PDF Epub
Pro půjčování e-knih musíte být přihlášeni.
Jak si půjčit online?

Krajina roztavených zvonů /

Dvě staletí příběhů. Povídková mozaika bouřlivé rodinné historie.

Uloženo v:
Hlavní autor: Štifter, Jan, 1984- (Autor)
Médium: E-kniha
Jazyk:Czech
Vydáno: V Praze : Vyšehrad, 2024
Vydání:Vydání první
Edice:Tvář (Vyšehrad)
Témata:
Tagy:
Žádné tagy
LEADER 02198nam a2200397 i 4500
001 312370
003 CZ PrSKC
005 20260601215721.0
007 ta
008 240503s2024 xr a g 000 j cze
015 |a cnb003603764 
020 |a 9788076019461  |q (vázáno) :  |c Kč 349,00 
035 |a (OCoLC)1445419683 
040 |a ABG001  |b cze  |d ABA001  |e rda 
072 7 |a 821.162.3-3  |x Česká próza  |2 Konspekt 
080 |a 821.162.3-32  |2 MRF 
080 |a (0:82-32)  |2 MRF 
100 1 |a Štifter, Jan,  |d 1984-  |7 jo2003186416  |4 aut 
245 1 0 |a Krajina roztavených zvonů /  |c Jan Štifter 
250 |a Vydání první 
264 1 |a V Praze :  |b Vyšehrad,  |c 2024 
300 |a 199 stran :  |b barevné ilustrace ;  |c 21 cm 
336 |a text  |b txt  |2 rdacontent 
337 |a bez média  |b n  |2 rdamedia 
338 |a svazek  |b nc  |2 rdacarrier 
490 1 |a Tvář ;  |v svazek 17. 
520 2 |a Dvě staletí příběhů. Povídková mozaika bouřlivé rodinné historie.  |b Jak daleko sahá paměť jedné rodiny? Ve vyprávění sedmi mužů se odvíjí pohnutý příběh prorůstající dvěma staletími. Lékař v roce 1832 se připravuje na nejdůležitější životní zkoušku, když do Čech přichází dosud nepoznaná epidemie. Chlapec v roce 1955 pátrá po tom, co se v jeho rodině přihodilo na konci druhé světové války. Nejmladší generace se chce odpoutat od společenských konvencí a zařídit se po svém. Kniha jako rodokmen, slova jako most mezi generacemi. Vstupte na něj... a kráčejte opatrně. Nakladatelská anotace. 
655 7 |a české povídky  |7 fd133971  |2 czenas 
655 9 |a Czech short stories  |2 eczenas 
830 0 |a Tvář (Vyšehrad) 
900 |a ABA001  |b 19 
928 9 |a Albatros Media - Vyšehrad 
044 |a xr 
910 |a RBIT002 
998 |d 403935  |a https://core.palmknihy.cz/api/books/403935/cover?scku8i  |b https://core.palmknihy.cz/api/books/403935/cover/400?scku8i  |c https://core.palmknihy.cz/api/books/403935/cover/50?scku8i  |e 2034-12-31  |g 200  |i 9788076019461  |j https://core.palmknihy.cz/api/books/403935/preview.epub  |k https://core.palmknihy.cz/api/books/403935/preview.pdf  |l   |q 49  |r 1  |s https://www.palmknihy.cz/kniha/403935  |t ebook  |y 2024  |z 0 
999 |d 312368